Les joueurs de tennis - Statistiques

Statistiques générales
  • Ce quiz a été pris 118 fois
  • Le résultat moyen est 11 sur 14
Statistiques - réponses
Par images Réponse % Correct
Novak Djokovic
100%
Rafael Nadal
98%
Roger Federer
98%
Carlos Alcaraz
96%
Stefanos Tsitsipas
91%
Alexander Zverev
90%
Daniil Medvedev
89%
Yannick Noah
88%
Jannik Sinner
80%
Holger Rune
79%
Casper Ruud
75%
Andre Agassi
56%
Grigor Dimitrov
56%
Hubert Hurkacz
41%
Aucun quiz correspondant
Distribution des résultats
% des personnes avec chaque résultat
Percentile par nombre de réponses
Votre historique - résultats
Vous n’avez pas pris ce quiz